Missilia Amori Lyrics-Ghost - Statistics

General Stats
  • This quiz has been taken 36 times
  • The average score is 137 of 175
Answer Stats
Answer % Correct
A
91%
between
91%
eyes
91%
I
91%
in
91%
love?
91%
Love
91%
love
91%
me
91%
my
91%
My
91%
on
91%
right
91%
rockets
91%
the
91%
you
91%
You
91%
your
91%
are
82%
at
82%
Don't
82%
heart
82%
is
82%
now
82%
Shot
82%
shot
82%
So
82%
to
82%
want
82%
war
82%
demise
73%
Excite
73%
it
73%
missiles
73%
of?
73%
of
73%
out
73%
show
73%
with
73%
aimed
64%
all
64%
Before
64%
Give
64%
has
64%
hate
64%
I'll
64%
I'm
64%
late
64%
launch
64%
mine
64%
too
64%
Dreaming
55%
faith
55%
not
55%
or
55%
Was
55%
were
55%
yours
55%
away
45%
down
45%
find
45%
gonna
45%
hard
45%
hide
45%
hunt
45%
man
45%
turned
45%
Wherever
45%
may
36%
showed
36%
No matching quizzes found
Score Distribution
Percent of People with Each Score
Percentile by Number Answered
Your Score History
You have not taken this quiz